The Walking Dead Characters - Statistics

General Stats
  • This quiz has been taken 524 times
  • The average score is 28 of 40
Answer Stats
First Appearance Answer % Correct
Season 1 Lori Grimes
99%
Season 1 Rick Grimes
99%
Season 1 Carl Grimes
98%
Season 1 Shane Walsh
95%
Season 1 Daryl Dixon
94%
Season 1 Carol Peletier
92%
Season 2 Maggie Greene
92%
Season 1 Andrea
91%
Season 1 Glenn Rhee
91%
Season 2 Hershel Greene
91%
Season 2 Beth Greene
89%
Season 1 Merle Dixon
88%
Season 1 Dale Horvath
87%
Season 6 Negan
82%
Season 4 Abraham Ford
79%
Season 4 Rosita Espinosa
76%
Season 4 Eugene Porter
75%
Season 2 Michonne
74%
Season 3 Philip Blake aka The Governor
74%
Season 3 Sasha Williams
74%
Season 4 Tara Chambler
71%
Season 3 Tyreese Williams
66%
Season 1 Morgan Jones
64%
Season 6 Simon
64%
Season 5 Deanna Monroe
61%
Season 4 Bob Stookey
58%
Season 7 Ezekiel
58%
Season 5 Aaron
57%
Season 5 Spencer Monroe
57%
Season 6 Dwight
56%
Season 6 Paul "Jesus" Rovia
55%
Season 5 Gabriel Stokes
52%
Season 5 Enid
50%
Season 9 Alpha
49%
Season 5 Jessie Anderson
47%
Season 6 Gregory
43%
Season 4 Gareth
40%
Season 8 Siddiq
25%
Season 7 Jadis / Anne
24%
Season 8 Alden
22%
No matching quizzes found
Score Distribution
Percent of People with Each Score
Percentile by Number Answered
Your Score History
You have not taken this quiz